00845nas a2200205 4545000010006000000050017000060080037000230030015000600400040000750800053001152450030001680220014001982640054002123100244002660410008005101000019005187000043005376500032005806500027006125199220260407193512.0260407s1974####ag###########|||spa#dAR-UNSa-BCEJYS aAR-UNSa-BCEJYSbspacAR-UNSa-BCEJYS a339.5xComercio exterior. Comercio Internacional10aInternational Trade Forum a0020-8957 1aGinebra :bCentro de Comercio Internacionalc1974 aFrecuencia: Trimestral Cambia de Director a partir del Nº 1, Año 1998 Cambia de Director a partir del Nº 3, Año 2009 por Cambia de Director a partir del Nº 3, Año 2012 por Cambia de Director a partir del Nº 4, Año 2012 por  aspa1 aHetland, Jarle1 aCentro de Comercio Internacional (CCI) aExportación/importación aComercio internacional